000 00407nam a2200169 i 4500
001 28835
003 ES-MaACL
005 20241026150703.0
007 t|
008 030120s1912 mx ||||1| spa d
100 1 _aAzuela, Mariano.
_924375
245 1 0 _aSin amor /
_cMariano Azuela.
260 _aMéxico :
_b[s.n.,
_c1912]
852 _aES-MaACL
_jT-1258-F-2
942 _2udc
999 _c28835
_d28835